MDQL
is popping MORE tags! Check the
thread
!
Quizzes
Events
Quiz Creation
Community
Videos
Private Events
Remove Ads
Sign In
Join for FREE
Feedback
Dark Mode
Quiz Categories
Sports
Geography
Music
Movies
Television
Just For Fun
Miscellaneous
History
Literature
Language
Science
Gaming
Entertainment
Religion
Holiday
For Kids
Quiz Lab
Recent
Popular Today
Quiz Kudos Today
Editor Picks
Curator Picks
Quizzes by...
Day
Popularity
Type
Ratings
Length
Year
Community
Subscriptions
Recent Discussions
Orange Saloon
Badges
Playlists
Quests
Create
Leaderboards
Showdown
Live 5
Trivia Bingo
Activity
Puzzle Library
Sporcle Events
Private Events
Virtual Trivia
Globe League
Become a Host
Pub Owners
SporcleCon
Opinionation
Our Games
Videos
Blog
Mobile Apps
Partnerships
Remove Ads and Go Orange
Feedback
Entertainment
Celebrity
Famous
Musical
Broadway
Show
Quote
Comic Books
Anime
Superhero
DC Comics
Marvel
Cartoons
Animation
Entertainment
Celebrity
Famous
Musical
Broadway
Show
Quote
Comic Books
Anime
Superhero
DC Comics
Marvel
Cartoons
Animation
Random Quiz
Search Sporcle
×
Quiz Lab
Quiz Lab
Entertainment
Country
Type in answers that appear in a list
Type in answers that appear in a list
Classic
Best Score? Go Orange.
International Sesame Street Muppets Stats
Can you name the international Sesame Street Muppets?
By
BobThePizzaBoy
10m
44 Questions
133 Plays
133 Plays
133 Plays
Comments
Comments
Give Quiz Kudos
Give Quiz Kudos
-
- Ratings
hide this ad
Replay
Link that replays current quiz
Next Quiz
Link to next quiz in quiz playlist
You Got
0%
They Got
Avg Score
27%
Avg Friend Score
Upgrade to see
Score Distribution
Jump to the score distribution portion of the page
Score
0/44
Timer
10:00
0
Plays Today
Country
Muppet
% Correct
Takalani Sesame (South Africa)
Neno
70.7%
Zhima Jie (China)
Da Niao
63.9%
5, Rue Sésame (France)
Elmo
62.4%
Sesamstraat (The Netherlands)
Pino
53.4%
Sesamstraat (The Netherlands)
Tommie
45.9%
Sesamstraat (The Netherlands)
Purk
42.1%
Takalani Sesame (South Africa)
Kami
41.4%
Plaza Sésamo (Mexico)
Abelardo
38.3%
Takalani Sesame (South Africa)
Moshe
33.1%
Plaza Sésamo (Mexico)
Lola
33.1%
Sesamstraat (The Netherlands)
Ieniemienie
30.8%
Zhima Jie (China)
Hu Hu Zhu
30.1%
Takalani Sesame (South Africa)
Zikwe
29.3%
5, Rue Sésame (France)
Nac
29.3%
Plaza Sésamo (Mexico)
Pancho Contreras
29.3%
Takalani Sesame (South Africa)
Zuzu
28.6%
Zhima Jie (China)
Xiao Mei Zi
27.1%
5, Rue Sésame (France)
Yoyo
26.3%
Rechov Sumsum (Israel)
Moishe Oofnik
24.8%
5, Rue Sésame (France)
Griotte
24.1%
Rechov Sumsum (Israel)
Kippi
24.1%
5, Rue Sésame (France)
Georges
23.3%
Country
Muppet
% Correct
Takalani Sesame (South Africa)
Kupukeji
22.6%
Ulitsa Sezam (Russia)
Zeliboba
22.6%
Galli Galli Sim Sim (India)
Chamki
22.6%
5, Rue Sésame (France)
Olive
21.8%
Ulitsa Sezam (Russia)
Kubik
20.3%
Vila Sésamo (Brazil)
Garibaldo
20.3%
Galli Galli Sim Sim (India)
Boombah
19.5%
Galli Galli Sim Sim (India)
Googly
19.5%
Ulitsa Sezam (Russia)
Businka
18%
Vila Sésamo (Brazil)
Bel
18%
Vila Sésamo (Brazil)
Gugu
18%
Plaza Sésamo (Mexico)
Bodoque
16.5%
Galli Galli Sim Sim (India)
Aanchoo
16.5%
Vila Sésamo (Brazil)
Funga Funga
16.5%
Rechov Sumsum (Israel)
Abigail
15.8%
Rechov Sumsum (Israel)
Brosh
15.8%
Shara'a Simsim (Palestine)
Kareem
14.3%
Shara'a Simsim (Palestine)
Haneen
14.3%
Rechov Sumsum (Israel)
Noah
14.3%
Rechov Sumsum (Israel)
Mahboub
12%
Vila Sésamo (Brazil)
Ze Das Latas
12%
Rechov Sumsum (Israel)
Dafi
9%
Quiz Playlist
Details
Report
Send in Message
Add To Playlist
Classic:
Type in answers that appear in a list
Last Updated: Sep 15, 2017
Quiz Scoreboard
CHALLENGE
Sign Up to Join the Scoreboard
Show All
Scores
Hide
Comments
May contain spoilers
Recently Published
Image Sorting: Flags VI
by Barbecue
Geography
2m
Find the 'City' Movie
by crazypaving
Movies
60s
Colored Red Africa Blitz
by spor1
Geography
45s
More to Explore
Quiz From the Vault
Featured Blog Post
14 Easter Pick-up Lines to Find Eggs With
hide this ad
You Might Also Like...
Tags
Country Quiz
International
puppet
sesame
Sesame Street
street
The Muppets
Today's Top Quizzes in Entertainment
Browse Entertainment
hide this ad
Today's Top Quizzes in Country
Browse Country
Top Contributed Quizzes in Entertainment
1
Marvel Classic Character Map
2
Dragon Ball Z: Goku's Fights in Order
3
Marvel Characters Bunker
4
Movie-Themed Roller Coasters
5
JoJo's Bizarre Logic Quiz
6
Harry Styles-Are you no.1 fan
7
Sorting Pictures: Villains
8
This is Your Life: Edward Elric
9
This is Your Life: Itachi Uchiha
10
Celebrity Spelling Bee
Explore More
Trending Topics
NBA
Harry Potter
Disney
Marvel
Crossword
Anime
Kpop
Country
Pokémon
The Office
Song
Puzzle
NFL
WWE
Soccer
hide this ad
More By:
BobThePizzaBoy
Quiz
Plays
Rating
Category
Featured
Created
VeggieTales Characters
1,135
4.20
Entertainment
Jan 23, 2010
Top 10 Non-Disney 2D movies (by gross)
446
3.20
Entertainment
May 27, 2010
Jim Henson Movies
411
3.80
Movies
Sep 23, 2009
Top 5 movies by year (2000-2009)?
250
2.67
Entertainment
May 27, 2010
Can you name Joe Dante's movies?
201
4.00
Entertainment
Jan 24, 2010
Go to Creator's Profile
Score Distribution
Quiz Creator Spotlight
BobThePizzaBoy
Follow
Send a Message
Quizzes Created
-
Created Quiz Play Count
-
More By This Creator
Popular Quizzes Today
1
Colored Red Africa Blitz
2
Find the US States - No Outlines Minefield
3
Find the 'City' Movie
4
5x2 Blitz: Bands
5
The Countries of the World
6
Find the US States
7
Find the Countries of Europe - No Outlines Minefield
8
US States
More Entertainment Quizzes
The Big Board: Fantasy Characters
Published
Trending Quizzes
Colored Red Europe Blitz I
Colored Red Africa Blitz II
Colored Red Europe Blitz II
Colored Red Africa Blitz III
Colored Red Europe Blitz III
Recently Updated
How Do You Spell That?
pecheneg
Godzilla Movies
pecheneg
Grab Bag: 4-10 Letters
pecheneg
2024 March Madness Bracket
pecheneg
Famous TV Couples
Peacemaker
Champions League XIs: Real Madrid
pecheneg
Largest US Cities 1790-2010
pecheneg
Rides in Walt Disney World
pecheneg
Most Oscar Losses (Acting)
pecheneg
Beyoncé Albums
pecheneg
Trending Topics
Crossword
Marvel
NBA
Anime
Kpop
Harry Potter
Disney
Song
Puzzle
Pokémon
NFL
WWE
Soccer
Country
The Office
Your Account Isn't Verified!
In order to create a playlist on Sporcle, you need to verify the email address you used during registration. Go to your
Sporcle Settings
to finish the process.
Report this User
Report this user for behavior that violates our
Community Guidelines
.
Details:
Send Report
Go to the Sporcle.com Mobile Site →
Comments